| 000 | 00742cab a2200277 4500 | ||
|---|---|---|---|
| 001 | ABS60518 | ||
| 008 | 090401t1999 xxu||||| |||| 00| 0 eng d | ||
| 035 | _a(Sirsi) u92964 | ||
| 041 | _aeng | ||
| 100 | _aLewison, K. | ||
| 245 | _aTaking the load off maintenance works | ||
| 260 | _c1999 | ||
| 350 | _a0 | ||
| 490 |
_aProperty Week _v64 (15) 16 April 1999, 36(1) |
||
| 650 | _aCOMMERCIAL LEASES | ||
| 650 | _aCOVENANTS TO REPAIR | ||
| 650 | _aLANDLORDS | ||
| 650 | _aBUILT ENVIRONMENT-BUILDING MAINTENANCE AND REFURBISHMENT | ||
| 650 | _aRECOVERY OF COSTS | ||
| 650 | _aSERVICE CHARGES | ||
| 650 | _aTENANTS | ||
| 650 | _aWORKS | ||
| 690 | _aLANDLORD AND TENANT-BUSINESS TENANCIES | ||
| 942 | _n0 | ||
| 948 | _c26/04/1999 | ||
| 999 |
_c58919 _d58919 |
||